THE FINANCIAL EXPERT (Record no. 3633)
[ view plain ]
| 000 -LEADER | |
|---|---|
| fixed length control field | 00609nam a22001457a 4500 |
| 020 ## - INTERNATIONAL STANDARD BOOK NUMBER | |
| ISBN | 978-81-859260-50 |
| 082 ## - DEWEY DECIMAL CLASSIFICATION NUMBER | |
| Classification number | 823 |
| Item number | NAR/F |
| 100 ## - MAIN ENTRY--AUTHOR NAME | |
| Personal name | NARAYAN, R.K |
| 245 ## - TITLE STATEMENT | |
| Title | THE FINANCIAL EXPERT |
| 260 ## - PUBLICATION, DISTRIBUTION, ETC. (IMPRINT) | |
| Place of publication | CHENNAI |
| Name of publisher | INDIAN THOUGHT PUBLICATIONS |
| Year of publication | 2010 |
| 300 ## - PHYSICAL DESCRIPTION | |
| Number of Pages | 217 |
| 520 ## - SUMMARY, ETC. | |
| Summary, etc | The Financial Expert tells the story of the rise and fall of Margayya. The theme of the novel is lust for money. But Margayya is no monster of greed and wickedness. In his depiction of Margayya, Narayan humanises him and shows that despite his lust for money, he is still a human being. |
| 650 ## - SUBJECT ADDED ENTRY--TOPICAL TERM | |
| Topical Term | NOVEL |
| Geographic subdivision | INDIA |
| 942 ## - ADDED ENTRY ELEMENTS (KOHA) | |
| Koha item type | Books |
| Withdrawn status | Lost status | Collection code | Home library | Current library | Shelving location | Date acquired | Source of acquisition | Cost, normal purchase price | Full call number | Accession Number | Koha item type |
|---|---|---|---|---|---|---|---|---|---|---|---|
| Fiction | Main Library | Main Library | SHELF 14 H ALPHEBETICAL - M-FICTION | 17/10/2011 | purchase | 115.00 | 823 NAR/F | 05632 | Books |